The 100 Quiz - Statistics

General Stats
  • This quiz has been taken 379 times
  • The average score is 6 of 15
Answer Stats
Hint Answer % Correct
clarke's first love interset Finn
94%
Who Bellamy really likes Clarke
87%
Who holds clarke's hand when she goes into the city of light Bellamy
71%
the name of the Sky crew's Camp Arkadia
67%
Monty's new love interset Harper
65%
Who did Octavia kill in the season 3 finale Pike
52%
Who was the surprise character in 3x16 Lexa
46%
who did clarke try to get to take the flame Luna
45%
What made jasper go off the deep end Maya's Death
43%
Who pulled the lever at mount weather Bellamy and clarke
27%
How did Raven get Her Injury Gunshot
15%
Episode where Lincoln got executed 3x09
9%
Abby's job on the Ark Head of Medical
2%
what was the cliffhanger of the season 3 finale Earth is getting covered in radiation again
1%
Why did Ally torture Clarke she knows the passcode to the flame
1%
No matching quizzes found
Score Distribution
Percent of People with Each Score
Percentile by Number Answered
Your Score History
You have not taken this quiz